000 00711nam a2200241 a 4500
999 _c11365
_d11365
001 11365
003 BD-JhCC
005 20190902114919.0
008 190902s2007 bg a|||| |||| 001 0 eng d
020 _a984300000965
035 _a(BD-JhCC)11365
040 _aBD-JhCC
_dBD-JhCC
041 _aeng
082 _a930.1095492
_bARC 2007
245 _aArchaeological Heritage /
_cEdited by Sufi Mostafizur Rahman
260 _aDhaka :
_bAsiatic Society Bangladesh,
_c2007
300 _axxvi, 591 p.:
_bill. ;
_c24 cm.
490 _aCultural Survey of Bangladesh series - 1
650 _aExcavations (Archaeology)
_zBangladesh
650 _aAntiquities
700 _aRahman, Sufi Mostafizur
942 _2ddc
_cBK